| 000 | 004360000a22001690004500 | ||
|---|---|---|---|
| 003 | MACL | ||
| 005 | 20151231125320.0 | ||
| 008 | 151231b xxu||||| |||| 00| 0 eng d | ||
| 040 |
_aMACL _cMACL |
||
| 041 | _aEnglish | ||
| 082 | _a364/MOR | ||
| 100 |
_aMorrison, William Douglas _925596 |
||
| 245 | _aCrime and Its Causes | ||
| 260 |
_bSwan Sonnenschein & Co _c1902 _aLondon |
||
| 650 |
_aCriminology _925597 |
||
| 942 |
_cBK _k364/MOR _2ddc |
||
| 999 |
_c36504 _d36504 |
||